Music Quiz

Random Music or Rock Quiz
Score 0/177 Timer 10:00
0 Plays Today
Lyric % Correct
I
100%
I
100%
I
100%
I
100%
I
100%
I
100%
you
96%
you
96%
you
96%
you
96%
you
96%
you
96%
you
96%
you
96%
you
96%
you
96%
you
96%
you
96%
me
92%
The
88%
the
88%
the
88%
the
88%
we
88%
we
88%
the
88%
the
88%
the
88%
we
88%
do
84%
my
84%
from
84%
is
84%
My
84%
Do
84%
my
84%
my
84%
know
80%
for
80%
to
76%
With
76%
with
76%
be
76%
To
76%
see
76%
see
76%
to
76%
with
76%
be
76%
It
72%
in
72%
it
72%
It
72%
in
72%
It
72%
not
72%
I'll
72%
time
72%
your
72%
Lyric % Correct
I'll
72%
all
68%
All
68%
will
68%
All
68%
So
68%
will
68%
All
68%
that
64%
was
64%
what
64%
that
64%
was
64%
that
64%
could
64%
have
64%
did
64%
ever
64%
stay
64%
Then
64%
I'm
64%
I'm
64%
never
64%
Never
64%
did
64%
ever
64%
stay
64%
Then
64%
well
60%
And
60%
come
60%
we'll
60%
Again
60%
here
60%
last
60%
dream
60%
again
60%
And
60%
come
60%
we'll
60%
think
56%
seen
56%
had
56%
as
56%
been
56%
true
56%
Safe
56%
as
56%
houses
56%
dreams
56%
true!
56%
How
56%
Tomorrow
56%
safe
56%
as
56%
houses
56%
Safe
56%
monsters
56%
us
56%
Lyric % Correct
too?
56%
of
56%
now
56%
face
56%
dreams
56%
true
56%
How
56%
Tomorrow
56%
safe
56%
as
56%
houses
56%
words
52%
Between
52%
up
52%
times
52%
Cause
52%
than
52%
until
52%
succeed?
52%
Chasing
52%
many
52%
bad
52%
won't
52%
This
52%
past
52%
than
52%
through
52%
end
52%
succeed?
52%
danger
48%
following
48%
helps
48%
loud
48%
spoken
48%
disappointment
48%
told
48%
shows
48%
moments
48%
flares
48%
brighten
48%
running
48%
faster
48%
rest
48%
lay
48%
down
48%
howling
48%
down
48%
sounds
48%
Oh
48%
save
48%
final
48%
closer
48%
clothes
48%
wear
48%
dare?
48%
Seeking
48%
deceive
48%
mischief
48%
friend
48%
Remove Ads.
Support Sporcle.
Get the best of Sporcle when you Go Orange. This ad-free experience offers more features, more stats, and more fun while also helping to support Sporcle. Thank you for becoming a member.

You're not logged in!

Compare scores with friends on all Sporcle quizzes.
OR
Log In

Show Comments

Extras

Top Quizzes Today


Score Distribution

Your Account Isn't Verified!

In order to create a playlist on Sporcle, you need to verify the email address you used during registration. Go to your Sporcle Settings to finish the process.

Report this User

Report this user for behavior that violates our Community Guidelines.

Details: